| 000 | 00415cam a2200169ua 4500 | ||
|---|---|---|---|
| 003 | OSt | ||
| 008 | 250328b |||||||| |||| 00| 0 eng d | ||
| 041 | _aeng | ||
| 082 |
_a624.15136 _bLAM/SO |
||
| 100 |
_aLambe, William T. _97368 |
||
| 245 | _aSoil mechanics / | ||
| 250 | _a1 / | ||
| 260 |
_aNew Delhi : _bWiley Eastern Ltd , _c1978. |
||
| 300 | _a553 ; . | ||
| 700 | 1 |
_aWhitman, Robert v . _97369 |
|
| 942 | _cBK | ||
| 999 |
_c8900 _d8900 |
||